[Event "Chess24 Banter Blitz Cup"]
[Site "chess24.com INT"]
[Date "2019.10.02"]
[Round "1.3"]
[White "Zaragatski, Ilja"]
[Black "Kovalenko, Igor"]
[Result "0-1"]
[WhiteTitle "GM"]
[BlackTitle "GM"]
[WhiteElo "2489"]
[BlackElo "2674"]
[WhiteFideId "4655192"]
[BlackFideId "14117908"]
[EventDate "2019.09.25"]
[EventType "blitz"]

1. Nf3 d5 2. g3 c6 3. Bg2 Bg4 4. c4 e6 5. Qb3 Qb6 6. Qc2 Nd7 7. b3 Ngf6 8. Bb2
Bd6 9. d3 h5 10. Nbd2 e5 11. h3 Bf5 12. O-O h4 13. Nxh4 Be6 14. Ndf3 d4 15. Ng5
Nf8 16. a3 Bd7 17. b4 Qd8 18. c5 Bc7 19. e3 Nd5 20. e4 Nxb4 21. axb4 Qxg5 22.
Nf5 g6 23. Nd6+ Bxd6 24. cxd6 Bxh3 25. Bxh3 Rxh3 26. Kg2 Rh5 27. Rh1 a6 28. Rxh5
gxh5 29. Qc5 Nd7 30. Qc4 Qg6 31. Rh1 O-O-O 32. b5 axb5 33. Qa2 Qxd6 34. Qa8+ Kc7
35. Qa2 Qg6 36. Ba3 c5 37. Qb3 b4 38. Bc1 Qe6 39. f4 Qxb3 40. fxe5 Qe6 41. Kf3
Kc6 42. Bf4 Rg8 43. Rh4 Qg4+ 44. Kf2 Qxh4 45. Kg2 Rxg3+ 46. Kf2 Qg4 47. Bxg3 h4 0-1

[Event "Chess24 Banter Blitz Cup"]
[Site "chess24.com INT"]
[Date "2019.10.02"]
[Round "1.4"]
[White "Kovalenko, Igor"]
[Black "Zaragatski, Ilja"]
[Result "0-1"]
[WhiteTitle "GM"]
[BlackTitle "GM"]
[WhiteElo "2674"]
[BlackElo "2489"]
[WhiteFideId "14117908"]
[BlackFideId "4655192"]
[EventDate "2019.09.25"]
[EventType "blitz"]

1. e4 e6 2. Nf3 d5 3. e5 Ne7 4. c3 c5 5. Bd3 Nbc6 6. Bc2 d4 7. Be4 Qc7 8. Qe2
Nxe5 9. Nxe5 Qxe5 10. cxd4 cxd4 11. d3 Qa5+ 12. Nd2 Nc6 13. O-O Be7 14. Bxc6+
bxc6 15. Nb3 Qd5 16. Bf4 c5 17. Rfc1 O-O 18. Rc2 Ba6 19. Nd2 Qf5 20. Qf3 Bxd3
21. Rcc1 Ba6 22. Qg3 Qg6 23. Qxg6 hxg6 24. b3 f6 25. Ne4 e5 26. Bd2 Rac8 27. f3
Rc6 28. Rab1 Rfc8 29. g4 Kf7 30. Kg2 g5 31. Kg3 Bd3 32. Rb2 c4 33. bxc4 Ba3 34.
Rb7+ R8c7 35. Rxc7+ Rxc7 36. Re1 Rxc4 37. Nf2 Bg6 38. Ne4 Rc2 39. Ba5 d3 40. Rb1
Bxe4 41. fxe4 d2 42. Rd1 Bc1 43. a4 Ra2 44. Kf3 Ra3+ 45. Ke2 Rxa4 46. Bxd2 Bxd2
47. Rxd2 Rxe4+ 48. Kf3 Rf4+ 49. Kg3 a5 50. Ra2 a4 51. Rb2 Ke6 52. Rb7 a3 53. Ra7
Rd4 54. Ra6+ Kd5 55. Rxa3 e4 0-1

[Event "Chess24 Banter Blitz Cup"]
[Site "chess24.com INT"]
[Date "2019.10.02"]
[Round "1.5"]
[White "Zaragatski, Ilja"]
[Black "Kovalenko, Igor"]
[Result "0-1"]
[WhiteTitle "GM"]
[BlackTitle "GM"]
[WhiteElo "2489"]
[BlackElo "2674"]
[WhiteFideId "4655192"]
[BlackFideId "14117908"]
[EventDate "2019.09.25"]
[EventType "blitz"]

1. c4 e5 2. g3 Nf6 3. Bg2 Bc5 4. Nc3 c6 5. Nf3 e4 6. Nh4 d5 7. d3 Ng4 8. d4 Qf6
9. dxc5 Qxf2+ 10. Kd2 g5 11. Rf1 Qd4+ 12. Kc2 Qxd1+ 13. Rxd1 gxh4 14. cxd5 f5
15. gxh4 Na6 16. dxc6 bxc6 17. Rd6 Rg8 18. Bg5 h6 19. Bf4 Nxc5 20. Rxc6 Ne6 21.
Bg3 Nd4+ 0-1

[Event "Chess24 Banter Blitz Cup"]
[Site "chess24.com INT"]
[Date "2019.10.02"]
[Round "1.6"]
[White "Kovalenko, Igor"]
[Black "Zaragatski, Ilja"]
[Result "1-0"]
[WhiteTitle "GM"]
[BlackTitle "GM"]
[WhiteElo "2674"]
[BlackElo "2489"]
[WhiteFideId "14117908"]
[BlackFideId "4655192"]
[EventDate "2019.09.25"]
[EventType "blitz"]

1. d4 Nf6 2. Nf3 c5 3. d5 b5 4. Bg5 Qb6 5. Bxf6 Qxf6 6. e4 Qxb2 7. Nbd2 g6 8.
Rb1 Qxa2 9. Bxb5 Bg7 10. O-O O-O 11. Rb3 Qa5 12. Nc4 Qc7 13. e5 d6 14. e6 fxe6
15. dxe6 Bb7 16. Ng5 Nc6 17. Rh3 Nd4 18. Ba4 h6 19. Nf7 Nxe6 20. Nxh6+ Bxh6 21.
Rxh6 Kg7 22. Rh4 d5 23. Ne3 d4 24. Ng4 Rh8 25. Rxh8 Rxh8 26. Bb3 Nf4 27. f3 Bc8
28. g3 Nh3+ 29. Kg2 Bxg4 30. fxg4 Ng5 31. h4 Qc6+ 32. Kh2 Ne4 33. Qf3 Ng5 34.
Qxc6 Nf7 35. Rxf7+ Kh6 36. g5+ Kh5 37. Qf3# 1-0

[Event "Chess24 Banter Blitz Cup"]
[Site "chess24.com INT"]
[Date "2019.10.02"]
[Round "1.7"]
[White "Zaragatski, Ilja"]
[Black "Kovalenko, Igor"]
[Result "0-1"]
[WhiteTitle "GM"]
[BlackTitle "GM"]
[WhiteElo "2489"]
[BlackElo "2674"]
[WhiteFideId "4655192"]
[BlackFideId "14117908"]
[EventDate "2019.09.25"]
[EventType "blitz"]

1. g3 d5 2. Nf3 c6 3. Bg2 Bg4 4. c4 e6 5. cxd5 exd5 6. Qb3 Qb6 7. Qc2 Nf6 8. d3
Bb4+ 9. Nbd2 O-O 10. O-O Re8 11. a3 Bxd2 12. Qxd2 a5 13. Qc2 a4 14. Bf4 Nbd7 15.
Rac1 h6 16. h3 Be6 17. Be3 Qd8 18. Nd4 Nf8 19. f4 Bxh3 20. Bxh3 Rxe3 21. Nf5 Re8
22. Rce1 h5 23. e4 dxe4 24. dxe4 g6 25. Nh4 Qd4+ 26. Kh2 Rxe4 27. Rd1 Qc4 28.
Qxc4 Rxc4 29. Nf3 Rc2+ 30. Rd2 Rxd2+ 31. Nxd2 Re8 32. Rf2 Nd5 33. Nf3 f5 34. Ne5
Kg7 35. Bg2 Nf6 36. Rd2 Re7 37. Kg1 N8d7 38. Nxd7 Nxd7 39. Kf2 Nc5 40. Rd4 Kf6
41. Rd6+ Re6 42. Rd8 Ke7 43. Rh8 Kd6 44. Rh7 b5 45. Rg7 Nd3+ 46. Kg1 Nxb2 47.
Bh3 Nc4 0-1

[Event "Chess24 Banter Blitz Cup"]
[Site "chess24.com INT"]
[Date "2019.10.02"]
[Round "1.8"]
[White "Kovalenko, Igor"]
[Black "Zaragatski, Ilja"]
[Result "0-1"]
[WhiteTitle "GM"]
[BlackTitle "GM"]
[WhiteElo "2674"]
[BlackElo "2489"]
[WhiteFideId "14117908"]
[BlackFideId "4655192"]
[EventDate "2019.09.25"]
[EventType "blitz"]

1. d4 Nf6 2. Nf3 c5 3. d5 b5 4. Bg5 Qb6 5. a4 b4 6. Bxf6 Qxf6 7. e4 Qb6 8. Nbd2
d6 9. Bb5+ Nd7 10. O-O g6 11. Nc4 Qc7 12. a5 Bg7 13. Re1 O-O 14. Qd3 Rb8 15.
Bxd7 Bxd7 16. h3 Bb5 17. Ra2 Qb7 18. Nfd2 Qa6 19. b3 Bc3 20. Rd1 Rb7 21. Nf3 f6
22. h4 Rfb8 23. h5 Bxc4 24. bxc4 b3 25. cxb3 Rxb3 26. hxg6 hxg6 27. e5 f5 28. e6
Bf6 29. Qd2 Kg7 30. Rc2 Rb2 31. g3 Rxc2 32. Qxc2 Qxa5 33. Kg2 Qc3 34. Qxc3 Bxc3
35. Rd3 Bf6 36. Ra3 Rb4 37. Rxa7 Rxc4 38. Ra8 Rc2 39. Rc8 Rc3 40. Rc7 Rd3 41.
Nh2 Rxd5 42. f4 Rd2+ 43. Kh3 Rd3 44. Kg2 Rd2+ 45. Kh3 Re2 46. g4 Re3+ 47. Kg2
Rxe6 48. g5 Bd4 49. Nf3 Re2+ 50. Kf1 Rf2+ 51. Ke1 Rxf3 52. Rxe7+ Kf8 53. Re6
Re3+ 0-1

[Event "Chess24 Banter Blitz Cup"]
[Site "chess24.com INT"]
[Date "2019.10.02"]
[Round "1.9"]
[White "Zaragatski, Ilja"]
[Black "Kovalenko, Igor"]
[Result "0-1"]
[WhiteTitle "GM"]
[BlackTitle "GM"]
[WhiteElo "2489"]
[BlackElo "2674"]
[WhiteFideId "4655192"]
[BlackFideId "14117908"]
[EventDate "2019.09.25"]
[EventType "blitz"]

1. Nf3 d5 2. g3 c6 3. Bg2 Bg4 4. c4 e6 5. cxd5 exd5 6. Qb3 Qb6 7. Qc2 Nf6 8. O-O
h5 9. d3 Bxf3 10. exf3 h4 11. Re1+ Kd8 12. Be3 Qc7 13. Nc3 Nbd7 14. Rac1 Bd6 15.
f4 hxg3 16. hxg3 Re8 17. Qb3 Nc5 18. Bxc5 Rxe1+ 19. Rxe1 Bxc5 20. Na4 Bd6 21.
Qc3 a5 22. Nc5 Qb6 23. d4 Qb4 24. Qxb4 axb4 25. Nxb7+ Kc7 26. Nxd6 Kxd6 27. Ra1
Nd7 28. a4 b3 29. a5 Nb6 30. Bf1 Nc4 31. a6 Nxb2 32. Rb1 Nc4 33. Rxb3 Rxa6 34.
Rb7 Ra1 35. Kg2 Ra2 36. Bd3 Ne3+ 37. Kf3 Nd1 38. Rxf7 Rxf2+ 39. Kg4 Rd2 40. Bg6
Rxd4 41. Rxg7 c5 42. Bh7 c4 43. Rg6+ Kc5 44. Rg8 c3 45. Rc8+ Kb4 46. Kg5 Rc4 47.
Rb8+ Kc5 48. f5 c2 49. Rc8+ Kd4 50. Rxc4+ Kxc4 51. f6 c1=Q+ 52. Kg6 Ne3 53. f7
Qf1 54. f8=Q Qxf8 55. Bg8 Qd6+ 56. Kg7 Qxg3+ 57. Kf8 Qf4+ 58. Bf7 Ng4 59. Ke8
Ne5 60. Be6 Qg5 61. Kf8 Qf6+ 62. Bf7 Qxf7# 0-1

[Event "Chess24 Banter Blitz Cup"]
[Site "chess24.com INT"]
[Date "2019.10.02"]
[Round "1.10"]
[White "Kovalenko, Igor"]
[Black "Zaragatski, Ilja"]
[Result "1-0"]
[WhiteTitle "GM"]
[BlackTitle "GM"]
[WhiteElo "2674"]
[BlackElo "2489"]
[WhiteFideId "14117908"]
[BlackFideId "4655192"]
[EventDate "2019.09.25"]
[EventType "blitz"]

1. d4 c5 2. dxc5 e6 3. e3 Bxc5 4. a3 Nf6 5. Nf3 d5 6. b4 Be7 7. Bb2 O-O 8. Nbd2
a5 9. b5 Nbd7 10. c4 Nb6 11. cxd5 exd5 12. Bd3 a4 13. O-O Bg4 14. Qb1 Rc8 15. h3
Bh5 16. Bxf6 Bxf6 17. Bxh7+ Kh8 18. Bf5 Rc5 19. Ra2 Nc4 20. g4 Bg6 21. Bxg6 fxg6
22. Qxg6 Rxb5 23. g5 Bc3 24. Qh5+ Kg8 25. g6 Rf6 26. Nxc4 dxc4 27. Qxb5 Rxg6+
28. Kh1 Qf6 29. Qxc4+ Kf8 30. Qf4 1-0

[Event "Chess24 Banter Blitz Cup"]
[Site "chess24.com INT"]
[Date "2019.10.02"]
[Round "1.11"]
[White "Zaragatski, Ilja"]
[Black "Kovalenko, Igor"]
[Result "0-1"]
[WhiteTitle "GM"]
[BlackTitle "GM"]
[WhiteElo "2489"]
[BlackElo "2674"]
[WhiteFideId "4655192"]
[BlackFideId "14117908"]
[EventDate "2019.09.25"]
[EventType "blitz"]

1. c4 e5 2. g3 Nc6 3. Bg2 Bc5 4. Nc3 d6 5. a3 a6 6. e3 Ba7 7. Nge2 h5 8. h4 Bg4
9. Qc2 Qd7 10. b4 Nge7 11. Bb2 Nd8 12. f3 Bf5 13. e4 Be6 14. Nd5 Ndc6 15. d3 O-O
16. f4 Bg4 17. f5 f6 18. Bh3 b5 19. Bxg4 hxg4 20. h5 Kh7 21. h6 g6 22. fxg6+
Nxg6 23. O-O-O Nce7 24. Rdf1 Nxd5 25. cxd5 Rac8 26. Kb1 c6 27. dxc6 Rxc6 28. Qb3
d5 29. exd5 Rd6 30. Nc3 f5 31. Rh5 Bd4 32. Ne2 Bxb2 33. Qxb2 Rxd5 34. Nc3 Rxd3
35. Qc2 Rf3 36. Rxf3 gxf3 37. g4 e4 38. gxf5 Rxf5 39. Nxe4 f2 40. Rxf5 Qxf5 0-1

[Event "Chess24 Banter Blitz Cup"]
[Site "chess24.com INT"]
[Date "2019.10.02"]
[Round "1.12"]
[White "Kovalenko, Igor"]
[Black "Zaragatski, Ilja"]
[Result "1/2-1/2"]
[WhiteTitle "GM"]
[BlackTitle "GM"]
[WhiteElo "2674"]
[BlackElo "2489"]
[WhiteFideId "14117908"]
[BlackFideId "4655192"]
[EventDate "2019.09.25"]
[EventType "blitz"]

1. d4 c5 2. c3 Nf6 3. Nf3 g6 4. Bg5 Bg7 5. e3 O-O 6. Nbd2 cxd4 7. exd4 d6 8. h4
Bg4 9. Qb3 Qc7 10. Be2 Nc6 11. Rd1 e5 12. dxe5 dxe5 13. Bxf6 Bxf6 14. Ne4 Bg7
15. Nfg5 Bxe2 16. Kxe2 h6 17. Nf3 Na5 18. Qa4 b5 19. Qb4 f5 20. Nd6 Rfd8 21.
Nxb5 Qb6 22. Na3 Qa6+ 23. Qb5 Qxb5+ 24. Nxb5 Rdb8 25. Rd5 a6 26. Nc7 Rxb2+ 27.
Rd2 Rxd2+ 28. Nxd2 Rc8 29. Nxa6 Rxc3 30. Rb1 Rc2 31. Nb4 Rc8 32. Nd5 Kf7 33. Rb5
Nc6 34. Rb7+ Kf8 35. Nb3 Rd8 36. Nc7 Rd6 37. a4 e4 38. a5 Bc3 39. a6 Rd7 40.
Ne6+ Ke7 41. Rxd7+ Kxd7 42. Nf8+ Kd6 43. Nxg6 Kd5 44. g3 Kc4 45. Ne7 Na7 46. Nc1
Kb5 47. Nxf5 Kxa6 48. Nxh6 Bb2 49. Nb3 Kb5 50. Nd2 Bc1 51. Nf5 Kc6 52. Nxe4 Bb2
53. f3 Nb5 54. g4 Nc3+ 55. Nxc3 Bxc3 56. h5 Kd5 57. Kd3 Be5 58. Ke3 Bh2 59. f4
Bg1+ 60. Kf3 Bc5 61. g5 Bf8 62. Kg4 Ke6 63. h6 Bxh6 64. Nh4 Kf7 65. gxh6 Kg8 66.
Nf5 Kh7 67. Kg5 Kh8 68. Nh4 Kg8 69. f5 Kf7 70. f6 Kg8 71. Nf5 Kf8 72. Kh5 Kf7
73. Kg5 Ke6 74. Kg6 Ke5 75. h7 Ke4 76. h8=Q Kd3 77. Qh3+ Ke2 1/2-1/2

[Event "Chess24 Banter Blitz Cup"]
[Site "chess24.com INT"]
[Date "2019.10.02"]
[Round "1.13"]
[White "Zaragatski, Ilja"]
[Black "Kovalenko, Igor"]
[Result "1-0"]
[WhiteTitle "GM"]
[BlackTitle "GM"]
[WhiteElo "2489"]
[BlackElo "2674"]
[WhiteFideId "4655192"]
[BlackFideId "14117908"]
[EventDate "2019.09.25"]
[EventType "blitz"]

1. Nf3 d5 2. g3 c6 3. Bg2 Bg4 4. c4 e6 5. cxd5 exd5 6. Qb3 Qb6 7. Qc2 Nf6 8. O-O
Nbd7 9. d3 Be7 10. Nc3 Rd8 11. e4 dxe4 12. dxe4 Bxf3 13. Bxf3 Ne5 14. Be2 O-O
15. Be3 Qa5 16. a3 Neg4 17. Bf4 Qh5 18. h4 Qg6 19. Bg5 Qh6 20. Bxh6 Nxh6 21. e5 1-0

[Event "Chess24 Banter Blitz Cup"]
[Site "chess24.com INT"]
[Date "2019.10.02"]
[Round "1.14"]
[White "Kovalenko, Igor"]
[Black "Zaragatski, Ilja"]
[Result "1-0"]
[WhiteTitle "GM"]
[BlackTitle "GM"]
[WhiteElo "2674"]
[BlackElo "2489"]
[WhiteFideId "14117908"]
[BlackFideId "4655192"]
[EventDate "2019.09.25"]
[EventType "blitz"]

1. d4 e6 2. Nf3 c5 3. e3 Nf6 4. Bd3 b6 5. O-O Bb7 6. c4 Be7 7. Nc3 d6 8. d5 exd5
9. cxd5 O-O 10. e4 Nbd7 11. a4 Re8 12. h3 Bf8 13. Bf4 a6 14. Re1 Nh5 15. Bh2 Rc8
16. Nd2 g6 17. Nc4 Ndf6 18. Qb3 Rb8 19. g4 Ng7 20. Qxb6 Ba8 21. Qxd8 Rexd8 22.
f3 h5 23. Ra3 hxg4 24. hxg4 Nh7 25. Kg2 f5 26. exf5 gxf5 27. gxf5 Nh5 28. Re6
Rb4 29. Ra2 N7f6 30. Ne3 Nf4+ 31. Bxf4 Rxf4 32. Rxf6 Bg7 33. Rg6 Kf7 34. Ne4 Be5
35. Ng5+ Ke7 36. Ne6 Rh8 37. Nxf4 Bxf4 38. Ng4 Bxd5 39. b3 Bxb3 40. Re2+ Kd7 41.
Bxa6 c4 42. Bb5+ Kc7 43. a5 c3 44. Rg7+ Kb8 45. Ree7 c2 46. Rb7+ Ka8 47. Ra7+
Kb8 48. Rgb7+ Kc8 49. Bd7+ Kd8 50. Ra8+ Ke7 51. f6+ 1-0

[Event "Chess24 Banter Blitz Cup"]
[Site "chess24.com INT"]
[Date "2019.10.03"]
[Round "1.1"]
[White "Fressinet, Laurent"]
[Black "Alonso Rosell, Alvar"]
[Result "1-0"]
[WhiteTitle "GM"]
[BlackTitle "GM"]
[WhiteElo "2633"]
[BlackElo "2548"]
[WhiteFideId "608742"]
[BlackFideId "2270544"]
[EventDate "2019.09.25"]
[EventType "blitz"]

1. e4 c5 2. Nf3 a6 3. c3 d5 4. exd5 Qxd5 5. d4 Nf6 6. Be2 cxd4 7. Qxd4 Nc6 8.
Qxd5 Nxd5 9. O-O e6 10. Rd1 Be7 11. Nbd2 O-O 12. a4 Rd8 13. Nc4 Bd7 14. Bg5 f6
15. Bh4 Be8 16. a5 Bf7 17. Bg3 e5 18. Nfd2 Rab8 19. Bf3 Be6 20. h3 Kf7 21. Re1
Bf8 22. Ne4 Nxc3 23. Nxe5+ Nxe5 24. Bxe5 Nxe4 25. Bxb8 Ng5 26. Bxb7 Rxb8 27.
Bxa6 Bb4 28. Rec1 Bd5 29. Bc4 Bxc4 30. Rxc4 Ne6 31. a6 Bc5 32. b4 Ba7 33. Rd1
Ke7 34. Re1 Rb6 35. Rc7+ 1-0

[Event "Chess24 Banter Blitz Cup"]
[Site "chess24.com INT"]
[Date "2019.10.03"]
[Round "1.2"]
[White "Alonso Rosell, Alvar"]
[Black "Fressinet, Laurent"]
[Result "0-1"]
[WhiteTitle "GM"]
[BlackTitle "GM"]
[WhiteElo "2548"]
[BlackElo "2633"]
[WhiteFideId "2270544"]
[BlackFideId "608742"]
[EventDate "2019.09.25"]
[EventType "blitz"]

1. Nf3 Nf6 2. d4 g6 3. Nbd2 Bg7 4. e4 d6 5. Bb5+ c6 6. Bd3 O-O 7. O-O c5 8. dxc5
dxc5 9. Re1 Nc6 10. h3 Nd7 11. Nc4 b5 12. Ne3 c4 13. Bf1 Bb7 14. a4 a6 15. axb5
axb5 16. Rxa8 Bxa8 17. Nd5 e6 18. Nc3 b4 19. Nb5 Na5 20. Nd6 Qc7 21. Bf4 Qc6 22.
e5 Rd8 23. Qe2 h6 24. Nxc4 Nxc4 25. Qxc4 Qxc4 26. Bxc4 Bxf3 27. gxf3 g5 28. Bg3
Nb6 29. Bd3 b3 30. f4 bxc2 31. Bxc2 Nd5 32. fxg5 hxg5 33. h4 gxh4 34. Bxh4 Rb8
35. b3 Bh6 36. Bg3 Bf4 37. Kg2 Rb4 38. Re4 Bxg3 39. Kxg3 Rb6 40. Rc4 Kg7 41. Kf3
Nb4 42. Bd1 Nd3 43. Re4 Nc5 44. Re3 Rb4 45. Kg3 Ne4+ 46. Kf3 Nc5 47. Kg3 Kf8 48.
f4 Ke7 49. Kf3 Nd7 50. Bc2 Nb6 51. Be4 Nc8 52. f5 exf5 53. Bxf5 Nb6 54. e6 f6
55. Rd3 Rb5 56. Bg4 f5 57. Bh3 Kxe6 58. Kf4 Nd7 59. Re3+ Ne5 60. Rd3 Kf6 61.
Rd6+ Ke7 62. Ra6 Ng6+ 63. Kg5 f4+ 64. Bf5 f3 65. Kxg6 f2 66. Ra7+ Kd6 67. Rd7+
Ke5 68. Bd3 Kf4 69. Bf1 Ke3 0-1

[Event "Chess24 Banter Blitz Cup"]
[Site "chess24.com INT"]
[Date "2019.10.03"]
[Round "1.3"]
[White "Fressinet, Laurent"]
[Black "Alonso Rosell, Alvar"]
[Result "1-0"]
[WhiteTitle "GM"]
[BlackTitle "GM"]
[WhiteElo "2633"]
[BlackElo "2548"]
[WhiteFideId "608742"]
[BlackFideId "2270544"]
[EventDate "2019.09.25"]
[EventType "blitz"]

1. Nf3 d5 2. g3 Nf6 3. Bg2 b5 4. O-O Bb7 5. d3 e6 6. c4 bxc4 7. dxc4 c6 8. b3
Be7 9. Bb2 O-O 10. Nbd2 a5 11. Qc2 Na6 12. a3 Qb6 13. Rab1 Rac8 14. Ng5 d4 15.
e3 e5 16. exd4 exd4 17. Rbe1 Rfe8 18. Ndf3 c5 19. Ne5 Bxg2 20. Kxg2 Rb8 21.
Nexf7 Qxb3 22. Qf5 Qxc4 23. Ne5 Qd5+ 24. Kg1 Rxb2 25. Qh3 d3 26. Nxd3 Qxg5 27.
Qe6+ Kh8 28. Nxb2 Qd5 29. Qxa6 Qf7 30. Qb7 Ng8 31. Nd3 Rf8 32. Ne5 Qf6 33. Qd5
Qf5 34. Qd7 Qxd7 35. Nxd7 Rd8 36. Nb6 Rd3 37. Nc4 Rc3 38. Rc1 Rd3 39. Rfd1 Rb3
40. Rd7 a4 41. Ne5 Rxa3 42. Nf7# 1-0

[Event "Chess24 Banter Blitz Cup"]
[Site "chess24.com INT"]
[Date "2019.10.03"]
[Round "1.4"]
[White "Alonso Rosell, Alvar"]
[Black "Fressinet, Laurent"]
[Result "1-0"]
[WhiteTitle "GM"]
[BlackTitle "GM"]
[WhiteElo "2548"]
[BlackElo "2633"]
[WhiteFideId "2270544"]
[BlackFideId "608742"]
[EventDate "2019.09.25"]
[EventType "blitz"]

1. d4 Nf6 2. Nf3 d5 3. c4 c6 4. Nc3 e6 5. cxd5 exd5 6. Bg5 Be7 7. e3 Bf5 8. Bd3
Bxd3 9. Qxd3 Nbd7 10. O-O-O O-O 11. h4 Re8 12. Kb1 Ne4 13. Qc2 Nxc3+ 14. Qxc3 a5
15. Qc2 a4 16. g4 Nb6 17. Bxe7 Qxe7 18. Ng5 g6 19. Nf3 Nc4 20. h5 Qe4 21. Qxe4
Rxe4 22. hxg6 hxg6 23. Rh4 Kg7 24. Rdh1 Rg8 25. Rh7+ Kf8 26. b3 Nd6 27. Ne5 Rg7
28. Nd7+ Ke7 29. Rxg7 Kxd7 30. Kc2 Rxg4 31. bxa4 Rg2 32. Rf1 Ke7 33. Rg8 Nf5 34.
Kd3 Nd6 35. Rb8 g5 36. a5 g4 37. Rxb7+ Nxb7 38. a6 Rh2 39. axb7 Rh8 40. Rb1 Rb8
41. a4 Kd7 42. a5 Kc7 43. a6 1-0

[Event "Chess24 Banter Blitz Cup"]
[Site "chess24.com INT"]
[Date "2019.10.03"]
[Round "1.5"]
[White "Fressinet, Laurent"]
[Black "Alonso Rosell, Alvar"]
[Result "1-0"]
[WhiteTitle "GM"]
[BlackTitle "GM"]
[WhiteElo "2633"]
[BlackElo "2548"]
[WhiteFideId "608742"]
[BlackFideId "2270544"]
[EventDate "2019.09.25"]
[EventType "blitz"]

1. d4 d5 2. c4 dxc4 3. e3 c5 4. Nf3 cxd4 5. Bxc4 Qc7 6. Bb3 dxe3 7. Bxe3 e6 8.
O-O Nc6 9. Nc3 Nf6 10. Rc1 Be7 11. Nb5 Qa5 12. Nd6+ Bxd6 13. Qxd6 Ne4 14. Qf4
Qf5 15. Qc7 O-O 16. Bc2 Qg6 17. Rfe1 f5 18. Rcd1 Qf6 19. Bxe4 fxe4 20. Nd4 Ne5
21. h3 Nd3 22. Rf1 Nxb2 23. Rb1 Nd3 24. Ne2 e5 25. Ng3 Bf5 26. Rxb7 Rac8 27. Qa5
Bg6 28. Qd5+ Kh8 29. Nxe4 Qc6 30. Qxc6 Rxc6 31. Ng3 Ra6 32. h4 h5 33. Rxa7 Rxa7
34. Bxa7 Ra8 35. Be3 Rxa2 36. Rb1 Nf4 37. Rb5 Nd3 38. Rb6 Kh7 39. Rb3 Ra1+ 40.
Kh2 Ra4 41. Rb6 Rxh4+ 42. Kg1 Ra4 43. Nf1 Ra1 44. g3 Nf4 45. gxf4 Bd3 46. fxe5
Rxf1+ 47. Kg2 Rd1 48. e6 Be4+ 49. f3 Bg6 50. e7 Re1 51. Kf2 Ra1 52. Rxg6 Ra2+
53. Kg3 1-0

[Event "Chess24 Banter Blitz Cup"]
[Site "chess24.com INT"]
[Date "2019.10.03"]
[Round "1.6"]
[White "Alonso Rosell, Alvar"]
[Black "Fressinet, Laurent"]
[Result "0-1"]
[WhiteTitle "GM"]
[BlackTitle "GM"]
[WhiteElo "2548"]
[BlackElo "2633"]
[WhiteFideId "2270544"]
[BlackFideId "608742"]
[EventDate "2019.09.25"]
[EventType "blitz"]

1. d4 d5 2. Nf3 Nf6 3. c4 e6 4. Nc3 Be7 5. g3 O-O 6. Bg2 dxc4 7. Ne5 Qd6 8. O-O
Qa6 9. a4 c6 10. f4 Nbd7 11. e4 Nxe5 12. fxe5 Nd7 13. Qg4 Kh8 14. Be3 Qb6 15.
Qh5 Kg8 16. Qe2 c5 17. a5 Qc7 18. Qxc4 b6 19. Rf2 bxa5 20. Na4 Nb6 21. Qc1 Nxa4
22. Rxa4 Bd7 23. Rc4 Rab8 24. dxc5 Bc6 25. Rd2 Qxe5 26. Bf4 Qh5 27. Bxb8 Rxb8
28. Kh1 Bg5 29. Rcd4 Bxd2 30. Qxd2 h6 31. Rd8+ Rxd8 32. Qxd8+ Kh7 33. Qd6 Qe2
34. h3 Qb5 35. Qd4 a4 36. Kh2 Qb3 37. e5 Qc2 38. Qg1 Bxg2 39. Qxg2 Qxc5 0-1

[Event "Chess24 Banter Blitz Cup"]
[Site "chess24.com INT"]
[Date "2019.10.03"]
[Round "1.7"]
[White "Fressinet, Laurent"]
[Black "Alonso Rosell, Alvar"]
[Result "1-0"]
[WhiteTitle "GM"]
[BlackTitle "GM"]
[WhiteElo "2633"]
[BlackElo "2548"]
[WhiteFideId "608742"]
[BlackFideId "2270544"]
[EventDate "2019.09.25"]
[EventType "blitz"]

1. d4 d5 2. c4 e6 3. Nc3 Bb4 4. Nf3 Nf6 5. e3 O-O 6. Bd3 b6 7. O-O Bb7 8. cxd5
exd5 9. Bd2 a6 10. Rc1 Nbd7 11. Ne2 Bd6 12. Ng3 g6 13. Bc3 Qe7 14. a3 Rfe8 15.
Qc2 Rac8 16. b4 Ne4 17. Bb2 f5 18. Qe2 b5 19. Rc2 c6 20. Rfc1 Rf8 21. Nf1 Nb6
22. Ne5 Nc4 23. f3 Ng5 24. Nd2 f4 25. exf4 Rxf4 26. Nb3 Rcf8 27. Re1 Bxe5 28.
dxe5 Rxf3 29. gxf3 Nxf3+ 30. Kh1 Nxe1 31. Qxe1 c5 32. Nxc5 Ne3 33. Bd4 Nxc2 34.
Bxc2 Bc8 35. e6 Qg5 36. Bd3 Re8 37. Qf2 Qg4 38. Qf7# 1-0

[Event "Chess24 Banter Blitz Cup"]
[Site "chess24.com INT"]
[Date "2019.10.03"]
[Round "1.8"]
[White "Alonso Rosell, Alvar"]
[Black "Fressinet, Laurent"]
[Result "1-0"]
[WhiteTitle "GM"]
[BlackTitle "GM"]
[WhiteElo "2548"]
[BlackElo "2633"]
[WhiteFideId "2270544"]
[BlackFideId "608742"]
[EventDate "2019.09.25"]
[EventType "blitz"]

1. Nf3 d5 2. g3 g6 3. Bg2 Bg7 4. O-O Nf6 5. d4 O-O 6. a4 a5 7. c3 c6 8. Nbd2 Bf5
9. Nh4 Be6 10. e4 dxe4 11. Nxe4 Nxe4 12. Bxe4 Nd7 13. Re1 Nf6 14. Bg2 Bd5 15.
Nf3 Nd7 16. h4 c5 17. h5 cxd4 18. Nxd4 Bxg2 19. Kxg2 Nc5 20. hxg6 fxg6 21. Be3
Qd5+ 22. f3 Rad8 23. Rf1 e5 24. Nb5 Nd3 25. Qe2 e4 26. f4 Qb3 27. Bb6 Rd7 28.
Qxe4 Qxb2+ 29. Kg1 Kh8 30. Rad1 Qc2 31. Nd4 Qb2 32. Nb5 Qc2 33. Bd4 Bxd4+ 34.
Nxd4 Qxc3 35. Rxd3 Qc5 36. Qe5+ Qxe5 37. fxe5 Rfd8 38. e6 Re7 39. Rf7 Rde8 40.
Rxe7 Rxe7 41. Re3 Kg7 42. Nb3 b6 43. Nd4 Kf6 44. Kf2 h5 45. Ke2 g5 46. Kf3 Re8
47. g4 h4 48. Kg2 Rd8 49. e7 Re8 50. Nf5 Kg6 51. Rb3 Kf6 52. Rxb6+ Ke5 53. Rd6
Rxe7 54. Ra6 Rb7 55. Rxa5+ Kf4 56. Nh6 Rb2+ 57. Kf1 Rb3 58. Rf5+ Kg3 59. Rxg5 h3
60. Ke2 h2 61. Rh5 h1=Q 62. Nf5+ Kf4 63. Rxh1 Rb2+ 64. Kd3 1-0

[Event "Chess24 Banter Blitz Cup"]
[Site "chess24.com INT"]
[Date "2019.10.03"]
[Round "1.9"]
[White "Fressinet, Laurent"]
[Black "Alonso Rosell, Alvar"]
[Result "1/2-1/2"]
[WhiteTitle "GM"]
[BlackTitle "GM"]
[WhiteElo "2633"]
[BlackElo "2548"]
[WhiteFideId "608742"]
[BlackFideId "2270544"]
[EventDate "2019.09.25"]
[EventType "blitz"]

1. d4 e6 2. c4 f5 3. g3 Nf6 4. Bg2 Be7 5. Nf3 O-O 6. O-O Ne4 7. b3 d5 8. Bb2 Nc6
9. Nbd2 Bf6 10. e3 a5 11. a3 Bd7 12. Ne5 Be8 13. Nd3 Bh5 14. Qxh5 Nxd2 15. Qd1
Nxf1 16. Qxf1 Ne7 17. Rc1 c6 18. Nc5 Qc8 19. a4 b6 20. Nd3 Qd7 21. Ba3 Rac8 22.
Rc2 Rfe8 23. Qe1 c5 24. cxd5 cxd4 25. Rxc8 Rxc8 26. d6 Rc3 27. Nf4 Ng6 28. exd4
Nxf4 29. gxf4 Rxb3 30. Bc6 Rb1 31. Qxb1 Qxc6 32. d5 Qxd5 33. Qxb6 Qd1+ 34. Kg2
Qg4+ 35. Kf1 Qd1+ 36. Kg2 Qg4+ 37. Kf1 Qd1+ 38. Kg2 1/2-1/2